<?xml version="1.0" encoding="UTF-8"?>
<record
    xmlns:xsi="http://www.w3.org/2001/XMLSchema-instance"
    xsi:schemaLocation="http://www.loc.gov/MARC21/slim http://www.loc.gov/standards/marcxml/schema/MARC21slim.xsd"
    xmlns="http://www.loc.gov/MARC21/slim">

  <leader>01007nam a22002657a 4500</leader>
  <controlfield tag="005">20170124103223.0</controlfield>
  <datafield tag="010" ind1=" " ind2=" ">
    <subfield code="a">A-403997</subfield>
  </datafield>
  <datafield tag="020" ind1=" " ind2=" ">
    <subfield code="c">40.00</subfield>
  </datafield>
  <datafield tag="035" ind1=" " ind2=" ">
    <subfield code="a">A-403997</subfield>
  </datafield>
  <datafield tag="037" ind1=" " ind2=" ">
    <subfield code="b">Cen Lib/Ret</subfield>
  </datafield>
  <datafield tag="040" ind1=" " ind2=" ">
    <subfield code="a">DPL</subfield>
    <subfield code="b">EN</subfield>
  </datafield>
  <datafield tag="082" ind1=" " ind2=" ">
    <subfield code="a">230.1</subfield>
    <subfield code="b">&#x92A;&#x941;&#x930;&#x93E;&#x923;</subfield>
  </datafield>
  <datafield tag="100" ind1=" " ind2=" ">
    <subfield code="a">&#x935;&#x947;&#x926;&#x935;&#x94D;&#x92F;&#x93E;&#x938;</subfield>
    <subfield code="9">134280</subfield>
  </datafield>
  <datafield tag="245" ind1=" " ind2=" ">
    <subfield code="a">&#x936;&#x94D;&#x930;&#x940;&#x92E;&#x926;&#x947;&#x935;&#x940; &#x92D;&#x917;&#x935;&#x924; &#x92E;&#x939;&#x93E;&#x92A;&#x941;&#x930;&#x93E;&#x923; /</subfield>
    <subfield code="c">&#x92E;&#x939;&#x930;&#x94D;&#x937;&#x93F; &#x935;&#x947;&#x926;&#x935;&#x94D;&#x92F;&#x93E;&#x938; </subfield>
  </datafield>
  <datafield tag="246" ind1=" " ind2=" ">
    <subfield code="a">Srimadevi bhagwat mahapuran /</subfield>
    <subfield code="b">Maharshi Vedvyash </subfield>
  </datafield>
  <datafield tag="260" ind1=" " ind2=" ">
    <subfield code="a">&#x92E;&#x925;&#x941;&#x930;&#x93E;</subfield>
    <subfield code="b">&#x915;&#x93E;&#x936;&#x940; &#x92A;&#x941;&#x938;&#x94D;&#x924;&#x915;&#x93E;&#x932;&#x92F;</subfield>
    <subfield code="c">1988</subfield>
  </datafield>
  <datafield tag="270" ind1=" " ind2=" ">
    <subfield code="a">&#x915;&#x93E;&#x936;&#x940; &#x92A;&#x941;&#x938;&#x94D;&#x924;&#x915;&#x93E;&#x932;&#x92F;</subfield>
    <subfield code="b">&#x92E;&#x925;&#x941;&#x930;&#x93E;</subfield>
  </datafield>
  <datafield tag="300" ind1=" " ind2=" ">
    <subfield code="a">264p.</subfield>
    <subfield code="c">24cm(Hb)</subfield>
  </datafield>
  <datafield tag="500" ind1=" " ind2=" ">
    <subfield code="a">Includes bibliographical references and index</subfield>
  </datafield>
  <datafield tag="650" ind1=" " ind2=" ">
    <subfield code="a">Hinduism</subfield>
    <subfield code="9">134281</subfield>
  </datafield>
  <datafield tag="650" ind1=" " ind2=" ">
    <subfield code="a">Bhagwat Mahapuran</subfield>
    <subfield code="9">134282</subfield>
  </datafield>
  <datafield tag="650" ind1=" " ind2=" ">
    <subfield code="a">&#x939;&#x93F;&#x928;&#x94D;&#x926;&#x942; &#x927;&#x930;&#x94D;&#x92E;</subfield>
    <subfield code="9">134283</subfield>
  </datafield>
  <datafield tag="650" ind1=" " ind2=" ">
    <subfield code="a">&#x92D;&#x93E;&#x917;&#x935;&#x924; &#x92E;&#x939;&#x93E;&#x92A;&#x941;&#x930;&#x93E;&#x923;</subfield>
    <subfield code="9">134284</subfield>
  </datafield>
  <datafield tag="942" ind1=" " ind2=" ">
    <subfield code="2">ddc</subfield>
    <subfield code="c">HN</subfield>
    <subfield code="h">230.1</subfield>
    <subfield code="m">&#x92A;&#x941;&#x930;&#x93E;&#x923;</subfield>
  </datafield>
  <datafield tag="999" ind1=" " ind2=" ">
    <subfield code="c">122027</subfield>
    <subfield code="d">122027</subfield>
  </datafield>
  <datafield tag="952" ind1=" " ind2=" ">
    <subfield code="0">0</subfield>
    <subfield code="1">0</subfield>
    <subfield code="4">0</subfield>
    <subfield code="7">0</subfield>
    <subfield code="a">L</subfield>
    <subfield code="b">L</subfield>
    <subfield code="d">2016-02-17</subfield>
    <subfield code="e">Cen Lib/Ret</subfield>
    <subfield code="g">40.00</subfield>
    <subfield code="l">0</subfield>
    <subfield code="o">230.1 &#x92A;&#x941;&#x930;&#x93E;&#x923;</subfield>
    <subfield code="p">A-403997</subfield>
    <subfield code="r">2016-02-17 00:00:00</subfield>
    <subfield code="t">1</subfield>
    <subfield code="w">2016-02-17</subfield>
    <subfield code="y">HN</subfield>
  </datafield>
</record>
